| 000 | 00389nam a2200145Ia 4500 | ||
|---|---|---|---|
| 008 | 221030s9999 xx 000 0 und d | ||
| 020 | _a8129700832 | ||
| 082 |
_a105.23 _bJai |
||
| 100 | _aA. K. Jain | ||
| 245 | 0 |
_aFundamentals of Digital Image Processing _cby A. K. Jain |
|
| 260 |
_bPearson Educaiton _aNew Delhi _c2005 |
||
| 300 | _a586 | ||
| 650 | _aCSE Departmental | ||
| 942 |
_cBK _2ddc |
||
| 999 |
_c4728 _d4728 |
||